ご当地メロディーの曲名から駅を当てる【関東編】 - Statistics

General Stats
  • This quiz has been taken 27 times
  • The average score is 58 of 100
Answer Stats
曲名 % Correct
さくらさくら 駒込
88%
赤い電車 品川
88%
さくら(独唱) 上野
85%
希望の轍 茅ケ崎
85%
オラはにんきもの 春日部
85%
東武ワールドスクウェアテーマソング 東武ワールドスクウェア
85%
城ヶ島の雨 三崎口
85%
ああわが戸田市 戸田公園
85%
戸田
85%
北戸田
85%
おねぎのマーチ 深谷
85%
雅楽谷の森〜蓮田のタカラ〜 蓮田
85%
お江戸日本橋 日本橋
85%
熱き星たちよ 関内
85%
矢切の渡し 矢切
81%
うなりくん なう! 成田
77%
日立
77%
ゴジラのテーマ 浦賀
77%
ソラカラちゃんダンス! とうきょうスカイツリー
77%
銀河鉄道999 淵野辺
73%
君の名は希望 乃木坂
73%
SAKURA 海老名
73%
Over 蘇我
73%
大きな玉ねぎの下で 九段下
73%
お猿のかごや 小田原
73%
カントリーロード 聖蹟桜ヶ丘
73%
旅立ちの日に 西武秩父
73%
赤い電車 羽田空港第1・第2ターミナル
73%
パプリカ 羽田空港第3ターミナル
73%
武蔵小金井
69%
明日があるさ 友部
69%
常陸多賀
69%
ファイターズ讃歌 新鎌ケ谷
69%
鎌ケ谷
69%
HANDS〜大きな手から、小さな手へ〜 鴻巣
69%
カリフォルニア・シャワー 宇都宮
69%
東武宇都宮
69%
七つの子 磯原
69%
Departing From New Shibuya Terminal 渋谷
69%
ここで君を待ってるよ 石岡
69%
ピューロマーチ 京王多摩センター
65%
北鴻巣
65%
鬼怒川温泉
65%
We are F・marinos 小机
65%
あとひとつ 京王八王子
62%
八木節 桐生
62%
Forever Love 館山
62%
君の願いが世界を輝かす 舞浜
62%
どんぐりころころ 奥多摩
62%
いい湯だな 平和島
62%
秋桜 京急久里浜
62%
いつでも夢を 大甕
62%
吹上
62%
チューリップ 前橋
62%
三越前
62%
集まれ!踊り人 北朝霞
58%
Keep On Rising 浦和
58%
小木津
58%
ありがとう 調布
58%
朧月夜 二宮
58%
C.X. 東京テレポート
58%
渡良瀬橋 足利
58%
DESIRE-情熱- 清瀬
58%
大泉学園
54%
大宮
54%
十王
54%
白鳥の湖 龍ケ崎市
54%
新横浜
54%
ニューヨーク・ニューヨーク 生麦
54%
ピッカピカの一年生 神保町
54%
浦和美園
50%
Fine Day! あしかがフラワーパーク
50%
足利市
50%
揺れる想い 渋沢
50%
オープニングカリヨン 船橋
50%
FRONTALE RABBIT 元住吉
46%
一番星見つけた 西国分寺
46%
FRONTALE RABBIT 新丸子
42%
さくら 井土ヶ谷
38%
多摩動物公園
38%
おれは怪物くんだ 椎名町
38%
追浜
38%
レットキス(ジェンカ) 岩間
35%
笠間
35%
おはなしゆびさん 久我山
35%
愛の季節 本川越
35%
燃えてヒーロー 四ツ木
31%
GO!GO!トリトン 海神
31%
布田
27%
星空のディスタンス 御花畑
27%
知床旅情 千歳船橋
27%
ジョージ・イタリアーノ
27%
うさぎとかめ 高幡不動
23%
The Day 野田市
23%
てんつつ 半蔵門
23%
鉄道博物館
19%
金太郎 大雄山
15%
Promised Land 南町田グランベリーパーク
12%
花輪
8%
ばらの花×ネイティブダンサー ゆめが丘
4%
No matching quizzes found
Score Distribution
Percent of People with Each Score
Percentile by Number Answered
Your Score History
You have not taken this quiz